[Event "World Amateur-ch"]
[Site "Mellieha"]
[Date "2022.10.21"]
[Round "1"]
[White "Ciganovic, Nikola"]
[Black "Papadimitriou, Loukas"]
[Result "1-0"]
[WhiteElo "2215"]
[BlackElo "2013"]
[PlyCount "63"]
[EventDate "2022.10.21"]
[EventType "swiss"]
[EventRounds "9"]
[EventCountry "MLT"]
[SourceTitle "EXT 2024"]
[Source "ChessBase"]
[SourceDate "2023.10.10"]
[SourceVersion "1"]
[SourceVersionDate "2023.10.10"]
[SourceQuality "1"]

1. e4 e5 2. Nf3 Nf6 3. Nxe5 Nxe4 4. Qe2 Qe7 5. Qxe4 d6 6. d4 dxe5 7. dxe5 Nc6 8. Bb5 Bd7 9. 0-0 0-0-0 10. Nc3 Nxe5 11. Bxd7+ Rxd7 12. Be3 Nc6 13. Qg4 Qb4 14. Qh3 Bd6 15. Rfd1 h5 16. f4 Re8 17. Nd5 Qxb2 18. c4 b6 19. c5 bxc5 20. Rab1 Qe2 21. Bf2 Re6 22. Qb3 Qa6 23. Kh1 Rd8 24. f5 Re2 25. Qh3 f6 26. Bg3 Qa3 27. Qxh5 Bxg3 28. Qxe2 Be5 29. Ne7+ Nxe7 30. Rb8+ Kxb8 31. Rxd8+ Kb7 32. Qb5# 1-0

[Event "Petroupoli ASOP Dias"]
[Site "Petroupoli"]
[Date "2019.10.03"]
[Round "2"]
[White "Spyratos, Nikolaos"]
[Black "Papadimitriou, Loukas"]
[Result "1/2-1/2"]
[WhiteElo "2010"]
[BlackElo "2155"]
[PlyCount "86"]
[EventDate "2019.09.26"]
[EventType "tourn"]
[EventRounds "9"]
[EventCountry "GRE"]
[SourceTitle "EXT 2024"]
[Source "ChessBase"]
[SourceDate "2023.10.10"]
[SourceVersion "1"]
[SourceVersionDate "2023.10.10"]
[SourceQuality "1"]

1. e4 d6 2. d4 g6 3. Nc3 Bg7 4. Be3 a6 5. a4 b6 6. Bc4 Bb7 7. Nf3 Nf6 8. h3 0-0 9. e5 Ne4 10. Nxe4 Bxe4 11. Qe2 Nc6 12. Ng5 Bxg2 13. Rg1 dxe5 14. Rxg2 Nxd4 15. Bxd4 exd4 16. Qf3 e6 17. Qe4 Qd6 18. 0-0-0 b5 19. Bd3 Bh6 20. Qh4 Kg7 21. Kb1 bxa4 22. Ne4 Qd8 23. Qxd8 Rfxd8 24. Nc5 a3 25. bxa3 a5 26. Ka2 Rab8 27. Nb3 Rd5 28. Bc4 Rh5 29. Rxd4 a4 30. Nd2 Rxh3 31. Rg3 Rh2 32. Rf3 Bg5 33. Rd7 Bf6 34. c3 Rd8 35. Bxe6 Rxd7 36. Bxd7 Bh4 37. Bxa4 Bxf2 38. Nf1 Rg2 39. Kb3 Bc5 40. Bc6 Rg5 41. a4 Bb6 42. Rd3 h5 43. Nd2 Bc5 1/2-1/2

[Event "WchT Seniors 50"]
[Site "Rhodes"]
[Date "2019.04.24"]
[Round "9.6"]
[White "Papadimitriou, Loukas"]
[Black "Smith, Peter R"]
[Result "0-1"]
[WhiteElo "1943"]
[BlackElo "2038"]
[PlyCount "80"]
[EventDate "2019.04.16"]
[EventType "team-swiss"]
[EventRounds "9"]
[EventCountry "GRE"]
[SourceTitle "CBM 190 Extra"]
[Source "ChessBase"]
[SourceDate "2019.07.15"]
[SourceVersion "1"]
[SourceVersionDate "2019.07.15"]
[SourceQuality "1"]
[WhiteTeam "Athens Vets"]
[BlackTeam "Scotland"]
[WhiteTeamCountry "GRE"]
[BlackTeamCountry "SCO"]

1. d4 Nf6 2. c4 c5 3. d5 b5 4. cxb5 a6 5. bxa6 Bxa6 6. Nc3 g6 7. e4 Bxf1 8. Kxf1 d6 9. g3 Bg7 10. Kg2 0-0 11. Nf3 Nbd7 12. a4 Qa5 13. Qc2 Rfb8 14. Nb5 Qb4 15. Nc3 Ng4 16. Rd1 Nge5 17. Ne1 Nc4 18. Nd3 Qb3 19. Qe2 Nde5 20. Bg5 Nxd3 21. Rxd3 Nxb2 22. Rb1 Bxc3 23. Bxe7 Qc4 24. Re3 Qxe2 25. Rxe2 Ra6 26. f4 Re8 27. Bg5 Nxa4 28. Rb7 Nb6 29. Kf3 Bd4 30. Be7 Nc8 31. Bg5 f6 32. Bh6 Ra3+ 33. Kg4 f5+ 34. Kg5 fxe4 35. g4 Ra7 36. Rxa7 Nxa7 37. f5 gxf5 38. gxf5 Kf7 39. Kf4 Nb5 40. Ra2 e3 0-1

[Event "WchT Seniors 50"]
[Site "Rhodes"]
[Date "2019.04.23"]
[Round "8.5"]
[White "Papadimitriou, Loukas"]
[Black "Ward, Christopher"]
[Result "1/2-1/2"]
[WhiteElo "1943"]
[BlackElo "2425"]
[PlyCount "96"]
[EventDate "2019.04.16"]
[EventType "team-swiss"]
[EventRounds "9"]
[EventCountry "GRE"]
[SourceTitle "CBM 190 Extra"]
[Source "ChessBase"]
[SourceDate "2019.07.15"]
[SourceVersion "1"]
[SourceVersionDate "2019.07.15"]
[SourceQuality "1"]
[WhiteTeam "Athens Vets"]
[BlackTeam "England"]
[WhiteTeamCountry "GRE"]
[BlackTeamCountry "ENG"]

1. d4 Nf6 2. c4 e6 3. Nc3 Bb4 4. e3 b6 5. Nge2 Bb7 6. a3 Bd6 7. Ng3 h5 8. f3 h4 9. Nge4 Nxe4 10. Nxe4 Be7 11. Be2 d5 12. cxd5 exd5 13. Nf2 Nd7 14. 0-0 Nf6 15. Qa4+ Qd7 16. Bb5 c6 17. Bd3 Kf8 18. Bd2 c5 19. Qxd7 Nxd7 20. Rac1 c4 21. Bf5 Nf6 22. Rfe1 g6 23. Bb1 Kg7 24. e4 Rhe8 25. Bg5 Nh5 26. Bxe7 Rxe7 27. exd5 Rxe1+ 28. Rxe1 Bxd5 29. Re7 Kf8 30. Rc7 Nf4 31. Be4 Rd8 32. Bxd5 Rxd5 33. Rxc4 Rxd4 34. Rxd4 Ne2+ 35. Kf1 Nxd4 36. Ke1 Ke7 37. Kd2 Ke6 38. Kd3 Kd5 39. Nh3 Ne6 40. g3 g5 41. Nf2 f5 42. Nd1 f4 43. gxh4 gxh4 44. Nc3+ Ke5 45. Ne2 Kd5 46. Nc3+ Ke5 47. Ne2 Kd5 48. Nc3+ Ke5 1/2-1/2

[Event "WchT Seniors 50"]
[Site "Rhodes"]
[Date "2019.04.20"]
[Round "5.9"]
[White "Theuer, Carsten"]
[Black "Papadimitriou, Loukas"]
[Result "0-1"]
[WhiteElo "1868"]
[BlackElo "1943"]
[PlyCount "86"]
[EventDate "2019.04.16"]
[EventType "team-swiss"]
[EventRounds "9"]
[EventCountry "GRE"]
[SourceTitle "CBM 190 Extra"]
[Source "ChessBase"]
[SourceDate "2019.07.15"]
[SourceVersion "1"]
[SourceVersionDate "2019.07.15"]
[SourceQuality "1"]
[WhiteTeam "Offenbach"]
[BlackTeam "Athens Vets"]
[WhiteTeamCountry "GER"]
[BlackTeamCountry "GRE"]

1. e4 e5 2. Nf3 Nf6 3. Nc3 Nc6 4. d3 Bc5 5. Bg5 h6 6. Bh4 d6 7. h3 g5 8. Bg3 a6 9. Be2 Be6 10. a3 Ba7 11. Qd2 Qd7 12. Na2 0-0-0 13. c4 Nh5 14. Nc3 Nf4 15. Bxf4 gxf4 16. Bf1 Kb8 17. 0-0-0 Rhg8 18. Kb1 f6 19. Ne1 Nd4 20. Nf3 c6 21. Nxd4 Bxd4 22. f3 Qc7 23. Ne2 Bb6 24. Qc2 Qf7 25. b3 d5 26. Nc3 dxc4 27. bxc4 Ba5 28. Kb2 Qe7 29. Qa4 Qc5 30. Rb1 Rd7 31. Qb3 Qd4 32. a4 Rdg7 33. Rc1 h5 34. Rc2 h4 35. Kb1 Ka7 36. Ne2 Qe3 37. Nc3 Rb8 38. Rb2 Qe1+ 39. Nd1 b5 40. axb5 Rxb5 41. Qc2 Rxb2+ 42. Kxb2 Rb7+ 43. Ka2 Bb6 0-1

[Event "WchT Seniors 50"]
[Site "Rhodes"]
[Date "2019.04.19"]
[Round "4.8"]
[White "Papadimitriou, Loukas"]
[Black "Johnsen, Sylvia"]
[Result "1/2-1/2"]
[WhiteElo "1943"]
[BlackElo "1949"]
[PlyCount "105"]
[EventDate "2019.04.16"]
[EventType "team-swiss"]
[EventRounds "9"]
[EventCountry "GRE"]
[SourceTitle "CBM 190 Extra"]
[Source "ChessBase"]
[SourceDate "2019.07.15"]
[SourceVersion "1"]
[SourceVersionDate "2019.07.15"]
[SourceQuality "1"]
[WhiteTeam "Athens Vets"]
[BlackTeam "Oslo Schakselskap"]
[WhiteTeamCountry "GRE"]
[BlackTeamCountry "NOR"]

1. d4 d5 2. c4 e6 3. Nc3 Nf6 4. Bg5 Be7 5. e3 Nbd7 6. cxd5 exd5 7. Bd3 h6 8. Bf4 c6 9. h3 0-0 10. Nf3 a6 11. 0-0 c5 12. Rc1 c4 13. Be2 b5 14. Ne5 Bb7 15. a3 Rc8 16. Bf3 Ne4 17. Bg4 f5 18. Bh5 Nxe5 19. Bxe5 Bd6 20. f4 Bc6 21. Nxe4 dxe4 22. Qe1 Be8 23. Bxe8 Rxe8 24. Qg3 Qd7 25. Qg6 Bxe5 26. fxe5 Rf8 27. Qxa6 f4 28. e6 Qc6 29. Qxc6 Rxc6 30. d5 Rd6 31. Rxf4 Rxf4 32. exf4 Rxd5 33. Re1 Rd4 34. Kf2 Rd2+ 35. Re2 Rd3 36. Rxe4 Kf8 37. e7+ Ke8 38. h4 Rb3 39. Re2 Rd3 40. h5 Rd5 41. g4 Rd3 42. Kg2 c3 43. bxc3 Rxc3 44. Re5 Rxa3 45. g5 b4 46. gxh6 gxh6 47. f5 Ra6 48. Rb5 Kxe7 49. Kf3 Kf6 50. Kf4 b3 51. Rxb3 Ra4+ 52. Kg3 Kxf5 53. Rb5+ 1/2-1/2

[Event "WchT Seniors 50"]
[Site "Rhodes"]
[Date "2019.04.18"]
[Round "3.5"]
[White "Chernik, Dmitry"]
[Black "Papadimitriou, Loukas"]
[Result "1/2-1/2"]
[WhiteElo "1868"]
[BlackElo "1943"]
[PlyCount "112"]
[EventDate "2019.04.16"]
[EventType "team-swiss"]
[EventRounds "9"]
[EventCountry "GRE"]
[SourceTitle "CBM 190 Extra"]
[Source "ChessBase"]
[SourceDate "2019.07.15"]
[SourceVersion "1"]
[SourceVersionDate "2019.07.15"]
[SourceQuality "1"]
[WhiteTeam "Canada"]
[BlackTeam "Athens Vets"]
[WhiteTeamCountry "CAN"]
[BlackTeamCountry "GRE"]

1. e4 e6 2. Qe2 c5 3. f4 Nc6 4. Nf3 g6 5. d3 Bg7 6. c3 Nge7 7. g3 0-0 8. Bg2 d6 9. 0-0 b5 10. Nbd2 b4 11. c4 Rb8 12. Rb1 Qa5 13. Ra1 b3 14. a3 e5 15. Rb1 exf4 16. gxf4 Bg4 17. Qe1 Qc7 18. Qh4 Qd7 19. h3 Bxf3 20. Nxf3 f5 21. Bd2 Nd4 22. Nxd4 Bxd4+ 23. Kh1 Kh8 24. Bc3 Nc6 25. exf5 Rxf5 26. Be4 Rh5 27. Bxd4+ Nxd4 28. Qf6+ Qg7 29. Qxd6 Rf8 30. Kh2 Qh6 31. Bg2 Rhf5 32. Rbe1 Qh4 33. Re5 Kg7 34. Qxc5 Rxf4 35. Re4 Ne2 36. Qe7+ Qxe7 37. Rxe7+ Kh6 38. Rxf4 Nxf4 39. Be4 Rd8 40. Rxa7 Nxd3 41. Bd5 Re8 42. Bf3 Re3 43. Kg2 Nxb2 44. c5 Rc3 45. c6 Nd3 46. Be4 Nc5 47. Bb1 Ne6 48. Rb7 Kg5 49. a4 Nf4+ 50. Kf2 Nxh3+ 51. Ke2 Rxc6 52. Rxh7 Ng1+ 53. Kf2 Rc1 54. Bd3 b2 55. Rh1 Nh3+ 56. Rxh3 b1Q 1/2-1/2

[Event "Athens Georgiou CC op 5th"]
[Site "Athens"]
[Date "2019.03.30"]
[Round "4"]
[White "Papadimitriou, Loukas"]
[Black "Poulos, Georgios"]
[Result "0-1"]
[WhiteElo "1956"]
[BlackElo "1926"]
[PlyCount "80"]
[EventDate "2019.03.02"]
[EventType "swiss"]
[EventRounds "7"]
[EventCountry "GRE"]
[SourceTitle "EXT 2020"]
[Source "ChessBase"]
[SourceDate "2019.10.17"]
[SourceVersion "1"]
[SourceVersionDate "2019.10.17"]
[SourceQuality "1"]

1. Nf3 d5 2. c4 d4 3. b4 c5 4. Bb2 a5 5. bxc5 Nc6 6. e3 e5 7. Nxe5 Nxe5 8. exd4 Bg4 9. Qb3 Nd7 10. f3 Bf5 11. Bd3 Nxc5 12. dxc5 Bxd3 13. Nc3 Qh4+ 14. Kd1 Qxc4 15. Re1+ Be7 16. Qxb7 Rd8 17. Rc1 Kf8 18. c6 Bd6 19. Qd7 Rxd7 20. cxd7 Be7 21. Ba3 Qd4 22. Rxe7 Nxe7 23. d8Q+ Qxd8 24. Nd5 Ke8 25. Nxe7 Kd7 26. Nc6 Qc7 27. Rc3 Bg6 28. Ne7 Qxh2 29. Nxg6 hxg6 30. Rd3+ Kc6 31. g4 Qh1+ 32. Kc2 Rh3 33. Rc3+ Kb5 34. Rc5+ Ka4 35. Bb2 Kb4 36. Re5 Qxf3 37. Bc3+ Kc4 38. Rxa5 Qe4+ 39. Kb2 Qb7+ 40. Kc2 Rxc3+ 0-1

[Event "Ambelokipi op 171st"]
[Site "Athens"]
[Date "2019.02.13"]
[Round "5"]
[White "Hahabis, Nikolaos"]
[Black "Papadimitriou, Loukas"]
[Result "1-0"]
[WhiteElo "1795"]
[BlackElo "1970"]
[PlyCount "69"]
[EventDate "2019.01.16"]
[EventType "swiss"]
[EventRounds "7"]
[EventCountry "GRE"]
[SourceTitle "EXT 2020"]
[Source "ChessBase"]
[SourceDate "2019.10.17"]
[SourceVersion "1"]
[SourceVersionDate "2019.10.17"]
[SourceQuality "1"]

1. e4 e5 2. Nf3 Nf6 3. d4 Nxe4 4. Bd3 d5 5. Nxe5 Bd6 6. 0-0 0-0 7. c4 Nc6 8. Nxc6 bxc6 9. c5 Be7 10. Nc3 Bf6 11. Nxe4 dxe4 12. Bxe4 Qxd4 13. Qc2 g6 14. Bh6 Qxb2 15. Qxb2 Bxb2 16. Rab1 Bg7 17. Bxg7 Kxg7 18. Bxc6 Ba6 19. Bxa8 Bxf1 20. Kxf1 Rxa8 21. Rb7 a6 22. Ke2 c6 23. Rb6 Re8+ 24. Kd3 Rd8+ 25. Kc3 Re8 26. Rxc6 Re2 27. Rd6 Rxa2 28. c6 Ra3+ 29. Kc4 Ra4+ 30. Kc5 Ra2 31. c7 Rc2+ 32. Kb6 Rb2+ 33. Kxa6 Ra2+ 34. Kb6 Rb2+ 35. Kc6 1-0

[Event "Athens Stamatopoulos Memorial 1st"]
[Site "Athens"]
[Date "2018.10.31"]
[Round "1"]
[White "Papadimitriou, Loukas"]
[Black "Vasilakopoulos, Georgios"]
[Result "1-0"]
[WhiteElo "1992"]
[BlackElo "1623"]
[PlyCount "49"]
[EventDate "2018.10.31"]
[EventType "swiss"]
[EventRounds "7"]
[EventCountry "GRE"]
[SourceTitle "EXT 2020"]
[Source "ChessBase"]
[SourceDate "2019.10.17"]
[SourceVersion "1"]
[SourceVersionDate "2019.10.17"]
[SourceQuality "1"]

1. d4 Nf6 2. c4 g6 3. Nf3 Bg7 4. Nc3 d5 5. Bf4 0-0 6. e3 c5 7. dxc5 Qa5 8. Rc1 dxc4 9. Bxc4 Qxc5 10. Bb3 Nc6 11. 0-0 Qa5 12. a3 Bf5 13. Qe2 Rfd8 14. e4 e5 15. Bd2 Bd7 16. Nd5 Qa6 17. Qxa6 bxa6 18. Rxc6 Nxd5 19. Bxd5 Bxc6 20. Bxc6 Rac8 21. Bd5 Kf8 22. Bb4+ Kg8 23. Bc3 Re8 24. Rd1 Re7 25. Bb3 1-0

[Event "Ambelokipi op 170th"]
[Site "Athens"]
[Date "2018.10.10"]
[Round "5"]
[White "Papadimitriou, Loukas"]
[Black "Litras, Iosif"]
[Result "1/2-1/2"]
[WhiteElo "2028"]
[BlackElo "1870"]
[PlyCount "73"]
[EventDate "2018.09.12"]
[EventType "swiss"]
[EventRounds "7"]
[EventCountry "GRE"]
[SourceTitle "EXT 2020"]
[Source "ChessBase"]
[SourceDate "2019.10.17"]
[SourceVersion "1"]
[SourceVersionDate "2019.10.17"]
[SourceQuality "1"]

1. Nf3 Nf6 2. c4 e6 3. Nc3 d5 4. d4 c6 5. cxd5 exd5 6. Bg5 Be7 7. Qc2 Nbd7 8. e3 0-0 9. Bd3 Re8 10. 0-0 Nf8 11. h3 g6 12. Ne5 N6d7 13. Bxe7 Qxe7 14. Ng4 f5 15. Nh2 Nf6 16. Rfe1 Ne6 17. Nf3 Nd7 18. Rab1 Ng5 19. Ne5 Nxe5 20. dxe5 Ne4 21. f4 Be6 22. b4 Rac8 23. Na4 b6 24. Rec1 Qh4 25. Bxe4 fxe4 26. Rf1 Rc7 27. Nc3 Bxh3 28. Nxd5 cxd5 29. Qxc7 Bxg2 30. Qd7 Bf3 31. Qxe8+ Kg7 32. Qd7+ Kh6 33. Rxf3 exf3 34. Rb2 Qe1+ 35. Kh2 f2 36. Qh3+ Kg7 37. Qd7+ 1/2-1/2

[Event "Athens Georgiou op 1st"]
[Site "Athens"]
[Date "2017.09.11"]
[Round "9"]
[White "Papadimitriou, Loukas"]
[Black "Delithanasis, Dimitrios"]
[Result "1-0"]
[WhiteElo "2069"]
[BlackElo "2007"]
[PlyCount "67"]
[EventDate "2017.09.04"]
[EventType "swiss"]
[EventRounds "9"]
[EventCountry "GRE"]
[SourceTitle "CBM 180 Extra"]
[Source "ChessBase"]
[SourceDate "2017.10.06"]
[SourceVersion "1"]
[SourceVersionDate "2017.10.06"]
[SourceQuality "1"]

1. d4 d5 2. c4 c6 3. Nf3 Nf6 4. Nc3 g6 5. Bf4 Bg7 6. e3 0-0 7. Qb3 b6 8. Rc1 Be6 9. Ng5 Nh5 10. Nxe6 fxe6 11. Bg5 h6 12. Bh4 g5 13. Bg3 Nxg3 14. hxg3 Qd6 15. Bd3 Nd7 16. Bb1 Nf6 17. Qc2 e5 18. dxe5 Qxe5 19. cxd5 cxd5 20. Rd1 e6 21. Rd4 Rf7 22. Qg6 Kf8 23. 0-0 h5 24. Re1 Ng4 25. f4 Qxe3+ 26. Rxe3 Bxd4 27. Qxg5 Bxe3+ 28. Kf1 Nf6 29. Bg6 d4 30. Bxf7 Kxf7 31. Nd1 Rg8 32. Qe5 Rxg3 33. f5 exf5 34. Qxg3 1-0

[Event "Nikaia op 25th"]
[Site "Nikaia"]
[Date "2017.09.01"]
[Round "7"]
[White "Papadimitriou, Loukas"]
[Black "Gazis, Efstathios"]
[Result "0-1"]
[WhiteElo "2069"]
[BlackElo "2212"]
[PlyCount "98"]
[EventDate "2017.08.26"]
[EventType "swiss"]
[EventRounds "9"]
[EventCountry "GRE"]
[SourceTitle "CBM 180 Extra"]
[Source "ChessBase"]
[SourceDate "2017.10.06"]
[SourceVersion "1"]
[SourceVersionDate "2017.10.06"]
[SourceQuality "1"]

1. d4 Nf6 2. c4 e6 3. Nc3 Bb4 4. e3 b6 5. Nge2 c5 6. a3 Ba5 7. Rb1 Na6 8. g3 Bb7 9. d5 b5 10. Bg2 bxc4 11. 0-0 0-0 12. e4 d6 13. Bg5 exd5 14. Nxd5 Bxd5 15. exd5 h6 16. Bxf6 Qxf6 17. Qa4 Qd8 18. Qxc4 Nc7 19. b4 Bb6 20. Nf4 cxb4 21. axb4 Re8 22. h4 Qf6 23. Rbd1 Rac8 24. Qd3 Na8 25. Rc1 Rxc1 26. Rxc1 Qb2 27. Rc2 Qxb4 28. Bh3 Bc5 29. Bf5 Nb6 30. Re2 Re5 31. Kg2 Qc4 32. Be4 Kf8 33. Qf3 Ke8 34. Ne6 fxe6 35. Bg6+ Kd8 36. Qf8+ Kc7 37. Qf7+ Kb8 38. Rxe5 dxe5 39. dxe6 Qd5+ 40. f3 Qd2+ 41. Kh3 Qd6 42. Qe8+ Kc7 43. Be4 a5 44. g4 a4 45. Qb5 a3 46. Qa5 Kd8 47. Bf5 e4 48. Bxe4 Bg1 49. g5 h5 0-1

[Event "Nikaia op 25th"]
[Site "Nikaia"]
[Date "2017.08.28"]
[Round "3"]
[White "Kouskoutis, Georgios Alexandros"]
[Black "Papadimitriou, Loukas"]
[Result "1-0"]
[WhiteElo "2270"]
[BlackElo "2069"]
[PlyCount "101"]
[EventDate "2017.08.26"]
[EventType "swiss"]
[EventRounds "9"]
[EventCountry "GRE"]
[SourceTitle "CBM 180 Extra"]
[Source "ChessBase"]
[SourceDate "2017.10.06"]
[SourceVersion "1"]
[SourceVersionDate "2017.10.06"]
[SourceQuality "1"]

1. c4 g6 2. Nc3 Bg7 3. g3 c5 4. Bg2 Nc6 5. e3 d6 6. Nge2 e5 7. 0-0 Nge7 8. Nd5 0-0 9. a3 Rb8 10. Rb1 Bf5 11. e4 Bg4 12. f3 Bd7 13. b4 b6 14. d3 Nxd5 15. cxd5 Nd4 16. Nxd4 cxd4 17. b5 Rc8 18. Bd2 f5 19. Qb3 f4 20. Rbc1 Rc5 21. a4 h5 22. gxf4 Bh6 23. Rxc5 bxc5 24. a5 h4 25. h3 Bxf4 26. Bxf4 exf4 27. b6 axb6 28. axb6 Qg5 29. b7 Bxh3 30. Rf2 Rb8 31. Qb6 Bd7 32. Qc7 Qd8 33. Qxd6 Rxb7 34. Qxg6+ Kh8 35. Qh6+ Kg8 36. Bf1 h3 37. Qxf4 Rb1 38. Kh2 Qf8 39. Qxf8+ Kxf8 40. f4 Re1 41. f5 c4 42. dxc4 Rxe4 43. c5 d3 44. c6 Be8 45. Bxd3 Rd4 46. c7 Bd7 47. Ba6 Rxd5 48. c8Q+ Bxc8 49. Bxc8 Ke7 50. f6+ Kf7 51. Be6+ 1-0

[Event "Paleochora op 10th"]
[Site "Paleochora"]
[Date "2017.07.26"]
[Round "9"]
[White "Papadimitriou, Loukas"]
[Black "De Coninck, Rafael"]
[Result "0-1"]
[WhiteElo "2044"]
[BlackElo "2137"]
[PlyCount "46"]
[EventDate "2017.07.19"]
[EventType "swiss"]
[EventRounds "9"]
[EventCountry "GRE"]
[SourceTitle "EXT 2018"]
[Source "ChessBase"]
[SourceDate "2017.10.13"]
[SourceVersion "1"]
[SourceVersionDate "2017.10.13"]
[SourceQuality "1"]

1. d4 f5 2. c4 Nf6 3. Nc3 e6 4. f3 Bb4 5. Qc2 d6 6. a3 Bxc3+ 7. Qxc3 b6 8. e3 Nbd7 9. Bd3 0-0 10. Nh3 Bb7 11. 0-0 Nh5 12. Nf4 Nxf4 13. exf4 Qf6 14. Re1 Rae8 15. Be3 e5 16. fxe5 dxe5 17. dxe5 Nxe5 18. Bd4 Nxf3+ 19. gxf3 Qg5+ 20. Kf2 Qh5 21. Bf1 Bxf3 22. Bxg7 Be4 23. Qg3 f4 0-1

[Event "WchT Seniors 50"]
[Site "Hersonissos"]
[Date "2017.05.01"]
[Round "8.1"]
[White "Papadimitriou, Loukas"]
[Black "Wallner, Joachim"]
[Result "0-1"]
[WhiteElo "2003"]
[BlackElo "2313"]
[PlyCount "72"]
[EventDate "2017.04.24"]
[EventType "team-swiss"]
[EventRounds "9"]
[EventCountry "GRE"]
[SourceTitle "CBM 178 Extra"]
[Source "ChessBase"]
[SourceDate "2017.06.22"]
[SourceVersion "1"]
[SourceVersionDate "2017.06.22"]
[SourceQuality "1"]
[WhiteTeam "Greece"]
[BlackTeam "Austria"]
[WhiteTeamCountry "GRE"]
[BlackTeamCountry "AUT"]

1. d4 d5 2. c4 c6 3. Nf3 Nf6 4. Nc3 a6 5. c5 Bf5 6. Nh4 Bg6 7. Nxg6 hxg6 8. Bf4 Nbd7 9. e3 Nh5 10. Bg5 Qc7 11. g4 Nhf6 12. Bf4 e5 13. Bg3 g5 14. Bg2 Be7 15. b4 0-0 16. h3 Rfe8 17. 0-0 Bd8 18. a4 Qc8 19. b5 Bc7 20. bxc6 bxc6 21. Qc2 exd4 22. exd4 Nf8 23. Rae1 Ne6 24. Be5 Bxe5 25. dxe5 Nd7 26. Ne2 Qc7 27. f4 gxf4 28. Nxf4 Nxf4 29. Rxf4 Rxe5 30. Ref1 f6 31. Rb1 Rae8 32. Bf1 Re3 33. Rf2 a5 34. Rc1 Qg3+ 35. Bg2 Re1+ 36. Rf1 R1e2 0-1

[Event "WchT Seniors 50"]
[Site "Hersonissos"]
[Date "2017.04.30"]
[Round "7.1"]
[White "Khalifman, Alexander"]
[Black "Papadimitriou, Loukas"]
[Result "1-0"]
[WhiteElo "2617"]
[BlackElo "2003"]
[PlyCount "39"]
[EventDate "2017.04.24"]
[EventType "team-swiss"]
[EventRounds "9"]
[EventCountry "GRE"]
[SourceTitle "CBM 178 Extra"]
[Source "ChessBase"]
[SourceDate "2017.06.22"]
[SourceVersion "1"]
[SourceVersionDate "2017.06.22"]
[SourceQuality "1"]
[WhiteTeam "St Petersburg"]
[BlackTeam "Greece"]
[WhiteTeamCountry "RUS"]
[BlackTeamCountry "GRE"]

1. d4 d5 2. c4 dxc4 3. e4 Nf6 4. e5 Nd5 5. Bxc4 Nb6 6. Bd3 Nc6 7. Be3 Nb4 8. Be4 f5 9. a3 e6 10. axb4 Bxb4+ 11. Nc3 fxe4 12. Qh5+ g6 13. Qg4 Nc4 14. Nge2 Nxe3 15. fxe3 0-0 16. Nf4 c5 17. 0-0 cxd4 18. Nxe4 Rf5 19. Nxg6 hxg6 20. Qxg6+ 1-0

[Event "WchT Seniors 50"]
[Site "Hersonissos"]
[Date "2017.04.24"]
[Round "1.4"]
[White "Vaganian, Rafael A"]
[Black "Papadimitriou, Loukas"]
[Result "1-0"]
[WhiteElo "2560"]
[BlackElo "2003"]
[PlyCount "79"]
[EventDate "2017.04.24"]
[EventType "team-swiss"]
[EventRounds "9"]
[EventCountry "GRE"]
[SourceTitle "CBM 178 Extra"]
[Source "ChessBase"]
[SourceDate "2017.06.22"]
[SourceVersion "1"]
[SourceVersionDate "2017.06.22"]
[SourceQuality "1"]
[WhiteTeam "Armenia"]
[BlackTeam "Athens/Crete"]
[WhiteTeamCountry "ARM"]
[BlackTeamCountry "GRE"]

1. Nf3 d5 2. g3 Nf6 3. Bg2 c6 4. 0-0 Bg4 5. d3 e6 6. Qe1 Be7 7. e4 0-0 8. Ne5 Bh5 9. f4 Nfd7 10. g4 Nxe5 11. gxh5 Ng4 12. h3 Bh4 13. Qe2 Nh6 14. c4 dxc4 15. dxc4 Nd7 16. Rd1 Qe7 17. Nd2 Rad8 18. Nf3 Bg3 19. Be3 f5 20. e5 Nc5 21. Ng5 Nf7 22. Nxf7 Kxf7 23. b4 Na4 24. Qc2 Qxb4 25. Rab1 Qc3 26. Qxc3 Nxc3 27. Rxb7+ Kg8 28. Rxd8 Rxd8 29. Bxc6 Bxf4 30. Bxf4 Ne2+ 31. Kf1 Nxf4 32. Bd7 Nd3 33. Bxe6+ Kf8 34. Rf7+ Ke8 35. Rxg7 Nxe5 36. Rxh7 Rd6 37. Bd5 Ra6 38. h6 Ra3 39. Rg7 Rxh3 40. h7 1-0

[Event "Ambelokipi op 163th"]
[Site "Athens"]
[Date "2017.03.29"]
[Round "5"]
[White "Papadimitriou, Loukas"]
[Black "Nikolaou, Georgios"]
[Result "1-0"]
[WhiteElo "1985"]
[BlackElo "2243"]
[PlyCount "68"]
[EventDate "2017.03.01"]
[EventType "swiss"]
[EventRounds "7"]
[EventCountry "GRE"]
[SourceTitle "EXT 2024"]
[Source "ChessBase"]
[SourceDate "2023.10.10"]
[SourceVersion "1"]
[SourceVersionDate "2023.10.10"]
[SourceQuality "1"]

1. d4 Nf6 2. Bg5 d5 3. e3 c6 4. Nf3 Qb6 5. Qc1 Bf5 6. Nbd2 e6 7. Be2 Nbd7 8. 0-0 h6 9. Bh4 Ne4 10. Nxe4 Bxe4 11. c4 Qc7 12. Qc3 Bxf3 13. Bxf3 Bd6 14. Bg3 Bxg3 15. hxg3 Nf6 16. cxd5 exd5 17. b4 Qd7 18. Qc5 b6 19. Qc2 0-0 20. Rfc1 Rac8 21. Rab1 Ne8 22. b5 c5 23. dxc5 Rxc5 24. Qd3 Nf6 25. Rxc5 bxc5 26. a4 c4 27. Qd4 Rc8 28. e4 dxe4 29. Qxd7 Nxd7 30. Bxe4 Nc5 31. Bf5 Rc7 32. Bc2 Nb7 33. b6 axb6 34. Rxb6 Na5 1-0

[Event "Ambelokipi op 163th"]
[Site "Athens"]
[Date "2017.03.01"]
[Round "1"]
[White "Maratos, Antonios"]
[Black "Papadimitriou, Loukas"]
[Result "0-1"]
[WhiteElo "1511"]
[BlackElo "1985"]
[PlyCount "58"]
[EventDate "2017.03.01"]
[EventType "swiss"]
[EventRounds "7"]
[EventCountry "GRE"]
[SourceTitle "EXT 2024"]
[Source "ChessBase"]
[SourceDate "2023.10.10"]
[SourceVersion "1"]
[SourceVersionDate "2023.10.10"]
[SourceQuality "1"]

1. e4 e5 2. Nf3 Nf6 3. Nxe5 d6 4. Nf3 Nxe4 5. Nc3 Nxc3 6. dxc3 Be7 7. Bf4 Nd7 8. Qd2 0-0 9. 0-0-0 Nc5 10. Re1 Bf6 11. Nd4 a5 12. f3 a4 13. g4 a3 14. b3 Ne6 15. Nxe6 fxe6 16. g5 Bxc3 17. Qxc3 Rxf4 18. h4 Rxh4 19. Rg1 c5 20. Qe3 Qf8 21. Be2 d5 22. Ref1 Qf4 23. Kd2 e5 24. Bd3 Rh2+ 25. Be2 Bh3 26. Qxf4 exf4 27. Re1 Re8 28. Kd1 Bf5 29. c3 Re3 0-1